00588nam a2200181Ia 450000500170000001000170001702000260003403500170006003500130007703700290009008200160011924500710013526000290020627000550023530000720029070000230036270000210038520190920164918.0 aB-521082-093 a9788131912447c125.00 aB-521082-093 aB-730148 adplbBlueberry Books/Ven a531.11bPHY aPhysics: motion/cedited by Anil Kumar ,Tomar and Pallabi, B.Tomar aNew DelhibPegasusc2012 a1921/10, Chuna Mandi, PaharganjbNew Delhie110055 a31p.bcol.illc27cm(Hb)apegasus is an imprint of B.Jain Publishers aTomar, Anil Kumar  aTomar, Pallabi.B